Gemeinden Bezirk Biel - Statistiken

Allgemein
  • Dieses Quiz wurde 70 mal gespielt
  • Das Durchschnittsergebnis liegt bei 14 aus 19
Antwortstatistiken
Antwort Einwohner % Korrekt
Biel/Bienne 55'070
100%
Nidau 7118
100%
Ipsach 3895
93%
Evilard / Leubringen 2704
86%
Lengnau (BE) 5595
79%
Mörigen 890
79%
Orpund 3255
79%
Pieterlen 5059
79%
Port 3882
79%
Safnern 2001
79%
Bellmund 1777
71%
Brügg 4456
71%
Sutz-Lattrigen 1420
71%
Twann-Tüscherz 1193
71%
Aegerten 2359
64%
Meinisberg 1419
64%
Ligerz 525
57%
Scheuren 536
43%
Schwadernau 693
43%
Keine übereinstimmenden Quizze gefunden
Verteilung der Resultate
Anzahl Personen mit jedem Resultat
Perzentil nach korrekt beantworteten Fragen
Ihre Resultats-Entwicklung
Sie haben dieses Quiz noch nicht gespielt